| 000 | 01184nam a22003377a 4500 | ||
|---|---|---|---|
| 003 | CHAP | ||
| 005 | 20220329141807.0 | ||
| 008 | 971013s1977 r 00010 d | ||
| 010 | _a73926 | ||
| 011 | _a74898 | ||
| 035 | _a84457 | ||
| 040 | _cCHAP | ||
| 090 | _aTesis | ||
| 100 | 0 | 0 |
_aCareaga Angulo, Alfredo. _918935 |
| 245 | _aEstudio comparativo de costos en dos métodos de siembra de tomate (Lycopersicum esculentum Mill) de suelo en Cadereyta Jiménez, N.L. | ||
| 260 |
_a(Monterrey, N.L.) : _bEl autor, _c1977 |
||
| 300 | _a76 h. | ||
| 502 | _aTesis (Ing. Agr. Administrador) -- ITESM. Div. de Ciencias Agropecuarias y Marítimas | ||
| 590 |
_aALEPH _b10 _c20130110 _lUCH01 _h1417 |
||
| 590 |
_aBATCH-UPD _b10 _c20130110 _lUCH01 _h0223 |
||
| 590 |
_aBATCH-UPD _b10 _c20130110 _lUCH01 _h0810 |
||
| 590 |
_aBATCH-UPD _b10 _c20130409 _lUCH01 _h2244 |
||
| 590 |
_aBATCH-UPD _b10 _c20130914 _lUCH01 _h0845 |
||
| 590 |
_aCONVERSION _b10 _c20130109 _lUCH01 _h1340 |
||
| 650 | 1 | 4 |
_aTomate _xCostos de producción. _9113701 |
| 650 | 1 | 4 |
_aTomate _xMercadeo. _9113738 |
| 650 | 1 | 4 |
_aTomate _xNuevo León. _9113746 |
| 901 | _aBK | ||
| 942 | _cTESIS | ||
| 949 |
_bBC _cTES _d-39805 _eTS1 _i84457 _si |
||
| 999 |
_c73926 _d73926 |
||